When your staff looks like this? (Record no. 80226)

MARC details
000 -LEADER
fixed length control field 00917cab a22002055a 4500
001 - CONTROL NUMBER
control field L143574
008 - FIXED-LENGTH DATA ELEMENTS--GENERAL INFORMATION
fixed length control field 080520e20080516xxkad f 000 0 eng d
035 ## - SYSTEM CONTROL NUMBER
System control number (Sirsi) u143574
041 0# - LANGUAGE CODE
Language code of text/sound track or separate title eng
100 1# - MAIN ENTRY--PERSONAL NAME
Personal name Parsley, David
245 00 - TITLE STATEMENT
Title When your staff looks like this?
260 ## - PUBLICATION, DISTRIBUTION, ETC.
Date of publication, distribution, etc. 2008
490 ## - SERIES STATEMENT
Series statement Building
Volume/sequential designation 274(8529), 16 May 2008, 42-47(5)
520 ## - SUMMARY, ETC.
Summary, etc. Presents findings from the 2008 Hays Building Services Salary Guide, job level, sector and region. Finds that employers are still finding it hard to retain talented staff. Comments on the more unusual perks on offer. The top benefits that employees seek in order are: 25 day?s annual holiday, flexible working, a company pension, performance-based pay and training.
590 ## - LOCAL NOTE (RLIN)
Local note KA
650 24 - SUBJECT ADDED ENTRY--TOPICAL TERM
Topical term or geographic name entry element HAYS BUILDING SERVICES SALARY GUIDE
651 #4 - SUBJECT ADDED ENTRY--GEOGRAPHIC NAME
Geographic name United Kingdom
Chronological subdivision
690 ## - LOCAL SUBJECT ADDED ENTRY--TOPICAL TERM (OCLC, RLIN)
Topical term or geographic name as entry element MANAGEMENT-BUSINESS MANAGEMENT-HUMAN RESOURCE MANAGEMENT
942 ## - ADDED ENTRY ELEMENTS (KOHA)
Suppress in OPAC 0
Holdings
Withdrawn status Lost status Source of classification or shelving scheme Damaged status Not for loan Home library Current library Shelving location Date acquired Total Checkouts Full call number Barcode Date last seen Copy number Price effective from Koha item type
    Dewey Decimal Classification     London London Journal article 20/05/2008   L143574 143574-1001 06/08/2019 1 06/08/2019 Journal article